Alice's kitchen : my grandmother Dalal & mother Alice's traditional Lebanese cooking /

Saved in:
Bibliographic Details
Main Author: Sawaya, Linda Dalal.
Format: Book
Language:English
Published: Portland, Oregon : Linda Sawaya Design, 1997.
Edition:3rd ed.
Subjects:
Tags: Add Tag
No Tags, Be the first to tag this record!
LEADER 00924nam a2200253Ia 4500
001 007778687-4
005 20020606104010.5
008 980505s1997 oru 001 0 eng d
010 |a  97097027  
020 |a 0966049217 (pbk.) 
035 0 |a ocm39062971 
040 |a SLR  |c SLR 
100 1 |a Sawaya, Linda Dalal. 
245 1 0 |a Alice's kitchen :  |b my grandmother Dalal & mother Alice's traditional Lebanese cooking /  |c Linda Dalal Sawaya. 
246 3 |a Ganamey Sawaya family cookbook 
250 |a 3rd ed. 
260 |a Portland, Oregon :  |b Linda Sawaya Design,  |c 1997. 
300 |a 216 p. ;  |c 22 cm. 
500 |a At head of title: The Ganamey Sawaya family cookbook. 
500 |a "Recipes of Dalal Hage Ganamey, Alice Ganamey Sawaya, Elias George Sawaya, & Linda Dalal Sawaya, as recorded and interpreted by Linda Dalal Sawaya." 
500 |a Includes index. 
650 0 |a Cooking, Lebanese. 
988 |a 20020608 
906 |0 MH